000
00310nam a2200121Ia 4500
005
20260326100024.0
008
260326s9999||||xx |||||||||||||| ||und||
100
_a
Matsumoto, Narashige
245
0
_a
Ancient sculpture of Japan /
_c
Narashige Matsumoto
260
_b
Mitsumura Suiko
650
_a
ARTE
942
_c
BK
999
_c
6329
_d
6329